Gaming Quiz

Random Gaming or Video Games Quiz

Video Game Characters by Theme Song Quiz Stats

 Plays Quiz not verified by Sporcle

Challenge
Share
Tweet
Score 0/30 Timer 20:00
0 Plays Today
Time Character % Correct
1:25-1:38Rival
61.1%
0:16-0:30Aerith Gainsborough
56.4%
0:00-0:16Bowser
55.5%
1:53-2:09Ganondorf
54%
0:57-1:10Frog
35.3%
2:38-2:53King Dedede
31.4%
5:04-5:19Ridley
30.9%
0:44-0:57Solid Snake
28.5%
1:10-1:25Wolf O'Donnell
28.3%
0:30-0:44Knuckles the Echidna
27.9%
3:23-3:35Proto Man
26.3%
2:09-2:25Ryu
22.6%
4:34-4:48Alucard Tepes
21.5%
1:38-1:53Nathan Drake
20.9%
6:06-6:21Ike
18.1%
Time Character % Correct
6:53-7:09Cut Man
17.5%
2:53-3:08Auron
16.9%
3:08-3:23Mr. Resetti
16.7%
5:19-5:35Roxas
11.2%
6:21-6:37Rydia
11.1%
3:50-4:05Lloyd Irving
10.4%
5:51-6:06Paula Polestar
9.5%
5:35-5:51Laharl
7.7%
4:48-5:04Ezio Auditore da Firenze
7.6%
3:35-3:50Scott Shelby
5.5%
2:25-2:38Albert Wesker
3.7%
4:19-4:34Grahf
2.7%
4:05-4:19Psycrow
2.2%
7:09-7:23Colonel Mullen
1%
6:37-6:53Seth Balmore
1%

You're not logged in!

Compare scores with friends on all Sporcle quizzes.
Join for Free
OR
Log In

You Might Also Like...

Show Comments

Extras

Editor's Pick Apr 18, 2011SourceReportNominate
Tags:Video Games Quiz, theme, Theme Songs

Top Quizzes Today


Score Distribution

Your Account Isn't Verified!

In order to create a playlist on Sporcle, you need to verify the email address you used during registration. Go to your Sporcle Settings to finish the process.

Report this User

Report this user for behavior that violates our Community Guidelines.

Details: